Budget speech presentation of the budget of the east africa community for the financial year 2009/2010 to the east african legislative assembly (Record no. 659)
[ view plain ]
| 000 -LEADER | |
|---|---|
| fixed length control field | 00555nam a22001097a 4500 |
| 008 - FIXED-LENGTH DATA ELEMENTS--GENERAL INFORMATION | |
| fixed length control field | 230606b xxu||||| |||| 00| 0 eng d |
| 082 ## - DEWEY DECIMAL CLASSIFICATION NUMBER | |
| Classification number | 354.676 |
| Item number | MUK |
| 110 ## - MAIN ENTRY--CORPORATE NAME | |
| Subordinate unit | National Assembly, Bujumbura, burundi |
| 245 ## - TITLE STATEMENT | |
| Title | Budget speech presentation of the budget of the east africa community for the financial year 2009/2010 to the east african legislative assembly |
| Remainder of title | By hon monique mukaruliza, chairperson of the council of ministers of the EAC and minister for EAC Republic of rwanda at the NA, Bujumbura, Burundi, 21st may 2009 |
| 300 ## - PHYSICAL DESCRIPTION | |
| Extent | 69p |
| 942 ## - ADDED ENTRY ELEMENTS (KOHA) | |
| Source of classification or shelving scheme | Dewey Decimal Classification |
| Koha item type | Books |
| Withdrawn status | Lost status | Source of classification or shelving scheme | Damaged status | Not for loan | Home library | Current library | Date acquired | Total Checkouts | Full call number | Barcode | Date last seen | Price effective from | Koha item type |
|---|---|---|---|---|---|---|---|---|---|---|---|---|---|
| Dewey Decimal Classification | Bunge Tower Library | Bunge Tower Library | 06/06/2023 | 354.676 MUK | 1000596 | 06/06/2023 | 06/06/2023 | Books |
